Terra di confine: archeologia e storia tra Marche, Romagna e san Marino
Guardat en:
| Autor principal: | |
|---|---|
| Format: | Llibre |
| Idioma: | italià |
| Publicat: |
Roma
L'erma di Bretschneider
2007
|
| Edició: | 1a. ed |
| Col·lecció: | Apxaioaotika - archeologia - epigrafia, storia, 1
|
| Matèries: | |
| Etiquetes: |
Afegir etiqueta
Sense etiquetes, Sigues el primer a etiquetar aquest registre!
|
MARC
| LEADER | 00000cam a2200000 a 4500 | ||
|---|---|---|---|
| 001 | UCD8724 | ||
| 003 | CL-VaPUC | ||
| 008 | 170519e20070000it |||||||||||||||||ita|d | ||
| 020 | |a 8882654281 | ||
| 082 | 0 | 4 | |a 937.07 |b BRA |2 21 |
| 100 | 0 | |a Braccesi, Lorenzo |e author |9 592203 | |
| 245 | 1 | 0 | |a Terra di confine: archeologia e storia tra Marche, Romagna e san Marino |
| 250 | |a 1a. ed | ||
| 300 | |a 255 p | ||
| 942 | |c BK | ||
| 945 | |d 20170519 15:42:00 |a arojas | ||
| 260 | |a Roma |b L'erma di Bretschneider |c 2007 | ||
| 650 | 0 | |a Historia antigua |9 267521 | |
| 650 | 7 | |a HISTORIA DE ROMA ANTIGUA |2 CL-VaPUC |9 541459 | |
| 583 | |a last modification |c 20170519 15:42:00 |k Rodrigo Vera | ||
| 490 | 0 | |a Apxaioaotika - archeologia - epigrafia, storia, 1 | |
| 999 | |c 368033 |d 368031 | ||
| 952 | |0 0 |1 0 |3 erb |4 0 |6 937_070000000000000_BRA_2007 |7 0 |8 A |9 483283 |a FDOLAF |b FDOLAF |e Laffi, Umberto, 1939- |i 5391695 |o 937.07 BRA 2007 |p 5391695 |r 2024-01-30 |w 2019-11-24 |y BK |z Catalogado en:20170519 |k LAF | ||